000
00293nam a22001337a 4500
008
171023b xxu||||| |||| 00| 0 eng d
020
_a
2900471347247
041
_a
eng
080
_2
2ND
_a
338
100
_a
54
101
_a
MO
245
_a
OPERATIONS MANAGEMENT
_c
REID,R.D
942
_2
udc
_c
BK
999
_c
35449
_d
35449